MyGZULibrary

Information technology and the networked economy / (Record no. 1685)

MARC details
000 -LEADER
fixed length control field 00849cam a22002534a 4500
001 - CONTROL NUMBER
control field 14689241
003 - CONTROL NUMBER IDENTIFIER
control field GZU
005 - DATE AND TIME OF LATEST TRANSACTION
control field 20201021104104.0
008 - FIXED-LENGTH DATA ELEMENTS--GENERAL INFORMATION
fixed length control field 070109s2003 maua b 001 0 eng
010 ## - LIBRARY OF CONGRESS CONTROL NUMBER
LC control number 2007270814
020 ## - INTERNATIONAL STANDARD BOOK NUMBER
International Standard Book Number 003034851X (hbk.)
040 ## - CATALOGING SOURCE
Original cataloging agency DLC
Transcribing agency DLC
050 00 - LIBRARY OF CONGRESS CALL NUMBER
Classification number HC79.I55
Item number MCK 2003
100 1# - MAIN ENTRY--PERSONAL NAME
Personal name McKeown, Patrick G.,
Dates associated with a name 1943-
Relator term author
245 10 - TITLE STATEMENT
Title Information technology and the networked economy /
Statement of responsibility, etc. Patrick G. McKeown.
250 ## - EDITION STATEMENT
Edition statement 2nd ed.
260 ## - PUBLICATION, DISTRIBUTION, ETC.
Place of publication, distribution, etc. Boston, MA :
Name of publisher, distributor, etc. Thomson/Course Technology,
Date of publication, distribution, etc. c2003.
300 ## - PHYSICAL DESCRIPTION
Extent xvi, 493 p. :
Other physical details ill.
Dimensions 28 cm.
504 ## - BIBLIOGRAPHY, ETC. NOTE
Bibliography, etc. note Includes bibliographical references and index.
650 #0 - SUBJECT ADDED ENTRY--TOPICAL TERM
Topical term or geographic name entry element Information technology
General subdivision Economic aspects.
650 #0 - SUBJECT ADDED ENTRY--TOPICAL TERM
Topical term or geographic name entry element Computer networks
General subdivision Economic aspects.
906 ## - LOCAL DATA ELEMENT F, LDF (RLIN)
a 7
b cbc
c origcop
d 3
e ncip
f 20
g y-gencatlg
942 ## - ADDED ENTRY ELEMENTS (KOHA)
Source of classification or shelving scheme Library of Congress Classification
Koha item type Books
Edition 2nd ed.
Classification part 79.I55
Item part McK
Call number prefix HC
Holdings
Withdrawn status Lost status Source of classification or shelving scheme Damaged status Not for loan Collection code Home library Current library Shelving location Date acquired Total Checkouts Full call number Barcode Date last seen Copy number Price effective from Koha item type Inventory number
    Library of Congress Classification     Non-fiction City Campus Library City Campus Library General Stacks 01/15/2018   HC79.I55 MCK 2003 029136 10/21/2020 c. 1 10/21/2020 Books  
          Non-fiction Mashava Campus Library Mashava Campus Library General Stacks 05/06/2018   HC79 MCK 2003 029135 05/06/2021 c.2 05/06/2021 Books 029135
          Non-fiction Mashava Campus Library Mashava Campus Library General Stacks 05/06/2018   HC79 MCK 2003 029175 05/06/2021 c.3 05/06/2021 Books 029175